00968nam a2200241 i 450000100060000000300090000600500170001500700030003200800410003502000180007608000250009410000410011924501240016025000120028426000620029630000380035865100450039665100650044171000590050685200220056599900170058795201220060411166ES-MaACL20230906150036.0t|930921s1993 sp a |||| | spa d a84-86844-86-X a904(460.183):7.032.71 aPalol, Pere de (d1923-2005)916228813aLa villa romana de La Olmeda de Pedrosa de la Vega (Palencia) b: guía de de las excavaciones / cpor Pedro de Palol. a5ª ed. aPalencia : bDiputación Provincial de Palencia, c1993. a69 p : bil. col. y n. ; c21 cm. 4aLa Olmeda (Palencia, Yacimiento)9162286 4aPalencia (Provincia)-xRestos arqueológicos romanos.991921 aPalencia (Provincia). bDiputación Provincial.96107 aES-MaACLjL-18526 c11166d11166 00104070aATENEOMbATENEOMcDEPO2d2008-01-17eSCl0oL-18526p1011386r2023-02-23 00:00:00w2023-02-23yMONOGRAFIA